00399 a2200121 4500001001000000005001700010008004100027245006800068100002600136700002000162700002300182773007200205ART_5667620260410161610.0260409a 10aCostos de formación de jugadores en los clubes profesionales:1 aMastropierro, Mariano1 aSimaro, Gustavo1 aTorchelli, Valeria0 tProfesional & Empresariag- Año XXIII, Nº 275 (ago. 2022)wREV70